000 00354nam a2200133Ia 4500
008 191201s1980 xx 000 0 und d
082 _a677.02822
_bROS
100 _aROBINSON, J S
245 0 _aSpinning, Extruding and Processing of Fibers
260 _aN.Delhi
_bThe Textile Association
_c1980
300 _a436
650 _aB.Tech(TE)
942 _2ddc
_cBK
999 _c2273
_d2273